Govt. of
Madhya Pradesh

Normal view MARC view

Entry Topical Term

Number of records used in: 1

001 - CONTROL NUMBER

  • control field: 75565

003 - CONTROL NUMBER IDENTIFIER

  • control field: OSt

005 - DATE AND TIME OF LATEST TRANSACTION

  • control field: 20190626131805.0

008 - FIXED-LENGTH DATA ELEMENTS

  • fixed length control field: 190626|| aca||aabn | a|a d

040 ## - CATALOGING SOURCE

  • Original cataloging agency: OSt
  • Transcribing agency: OSt

150 ## - HEADING--TOPICAL TERM

  • Topical term or geographic name entry element: उपन्‍यास

670 ## - SOURCE DATA FOUND

  • Source citation: Work cat.: (OSt): सत्‍यनारायण , विश्‍वनाथ 52364, विष्‍णुशर्मा की अंग्रेजी पढाई , 2015